• 首页
  • 本馆介绍
  • 公告通知
  • 最新文献
  • 馆藏检索
  • 电子资源
  • 读者导购
  • 参考咨询
  • 我的图书馆
  • 登录
  • 详细信息显示
  • 放入我的书架
  • 预约/预借图书
  • 作者相关作品
  • 分类相关作品
  • 丛书相关作品
  • 出版社相关作品

书目信息

  • 表格格式
  • 工作单格式
  • 卡片格式
题名:
几何基础
    
 
作者: 沈世明 著 ;傅章秀 编
分册:  
出版信息: 上海   华东化工学院出版社  1989
页数: 231页
开本: 19cm
丛书名:
单 册:
中图分类: O181
科图分类: 51.51
主题词: 几何基础--师范大学--教材
电子资源:
ISBN: 7-5628-0097-9
000 00638nam0 2200229 45
001 0194030010
005 20070714110558.75
010    @a7-5628-0097-9@dCNY2.80
100    @a19940719d1989 am y0chiy0121 ea
101 0  @achi
102    @aCN@b310000
105    @ay z 000yy
200 10 @a几何基础@AJI HE JI CHU@f沈世明等著@Fshen shi ming deng zhu
210    @a上海@c华东化工学院出版社@d1989
215    @a231页@d19cm
606    @a几何基础@x师范大学@x教材
690    @aO181@v三版
692    @a51.51
701  0 @a沈世明@Ashen shi ming@4著
702  0 @a傅章秀@AFU ZHANG XIU@4编
801  0 @aCN@bTSSF@c20070714
905    @a10447@dO181@e10
    
    几何基础/沈世明等著.-上海:华东化工学院出版社,1989
    231页;19cm
    
    
    ISBN 7-5628-0097-9:CNY2.80
    
●
相关链接 在E读中查询图书 在五车中查询图书 在当当中查询图书 在豆瓣中查询图书


正题名:几何基础     索取号:O181/10         预约/预借

序号 登录号 条形码 馆藏地/架位号 状态 备注
1 0768407   207684077   第二样本阅览室/ [索取号:O181/10] 在馆    
唐山师范学院图书馆 欢迎您!
大连网信软件有限公司© 版权所有